000 00730nam a2200229Ia 4500
003 OSt
005 20241028103604.0
008 210716s2010 xx 000 0 und d
020 _a9788184121186
040 _cAIMIT LIBRARY
041 _aeng
082 _a519.5
_21
_bBHAD
100 _aBhattacharjee, Dibyojyoti.
_9183430
245 _aPractical statistics using microsoft excel /
_cBy Dibyojyoti Bhattacharjee
250 _a1st ed
260 _aNew Delhi :
_bAsian Books private limited ,
_c2010.
300 _axii, 342p. ;
_bPB
_c24.9 cm
650 _aWhy microsoft excel
_9183431
650 _aWriting and using foremulae in excel
_9183432
650 _aNon- parametric tests
_9183433
942 _2ddc
_cBK
_e1st
_k519.5 BHAD
999 _c205865
_d205865